000 00465nam a2200193Ia 4500
005 20250423095346.0
008 250422s9999 xx 000 0 und d
020 _a9781618531612
050 _aHF 5635 .W35/
100 _aWallace, James S...[et al.]
245 0 _aFinancial accounting: for undergraduates
250 _a3rd ed.
260 _aNew York
260 _bMcGraw Hill
260 _c2017
300 _a693 p
650 _aAccounting.
942 _cBK
999 _c30033
_d30033